Nhập môn tin học lý thuyết tính toán và các Ôtômat = Computation and Automata
Nội dung sách cung cấp kiến thức về một số chủ đề toán học trung tâm của tin học lý thuyết, các hàm đệ quy, các ngôn ngữ hình thức và các Ôtomat, độ phức tạp tính toán và mật mã khoa học.
Bewaard in:
| Hoofdauteur: | |
|---|---|
| Formaat: | Boek |
| Taal: | Undetermined |
| Gepubliceerd in: |
Hà Nội
Khoa học và Kỹ thuật
1992
|
| Onderwerpen: | |
| Tags: |
Voeg label toe
Geen labels, Wees de eerste die dit record labelt!
|
| Thư viện lưu trữ: | Trung tâm Học liệu Trường Đại học Cần Thơ |
|---|
| LEADER | 00955nam a2200205Ia 4500 | ||
|---|---|---|---|
| 001 | CTU_232301 | ||
| 008 | 210402s9999 xx 000 0 und d | ||
| 082 | |a 511.3 | ||
| 082 | |b S173 | ||
| 100 | |a Salomaa, Arto | ||
| 245 | 0 | |a Nhập môn tin học lý thuyết tính toán và các Ôtômat = | |
| 245 | 0 | |b Computation and Automata | |
| 245 | 0 | |c Arto Salomaa ; Nguyễn Xuân My, Phạm Trà Ân (dịch) | |
| 260 | |a Hà Nội | ||
| 260 | |b Khoa học và Kỹ thuật | ||
| 260 | |c 1992 | ||
| 520 | |a Nội dung sách cung cấp kiến thức về một số chủ đề toán học trung tâm của tin học lý thuyết, các hàm đệ quy, các ngôn ngữ hình thức và các Ôtomat, độ phức tạp tính toán và mật mã khoa học. | ||
| 650 | |a Lý thuyết Automata,Automata | ||
| 910 | |b dqhieu | ||
| 980 | |a Trung tâm Học liệu Trường Đại học Cần Thơ | ||